Chuyện cõi người /
Gorde:
| Egile nagusia: | |
|---|---|
| Formatua: | Sách giấy |
| Hizkuntza: | Vietnamese |
| Argitaratua: |
H. :
Hội nhà văn,
2018.
|
| Gaiak: | |
| Etiketak: |
Etiketa erantsi
Etiketarik gabe, Izan zaitez lehena erregistro honi etiketa jartzen!
|
| Thư viện lưu trữ: | Thư viện Trường Đại học Đà Lạt |
|---|
| LEADER | 00693nam a2200301 4500 | ||
|---|---|---|---|
| 001 | DLU190193079 | ||
| 005 | ##20191021 | ||
| 020 | # | # | |a 9786049726484 |
| 040 | # | # | |a DLU |b vie |
| 041 | # | # | |a vie |
| 044 | # | # | |a vn |
| 082 | # | # | |a 895.922 3 |b VU-T |
| 100 | # | # | |a Vũ Xuân Tửu. |
| 245 | # | # | |a Chuyện cõi người / |c Vũ Xuân Tửu. |
| 260 | # | # | |a H. : |b Hội nhà văn, |c 2018. |
| 300 | # | # | |a 795 tr. ; |c 21 cm. |
| 650 | # | # | |a Truyện ngắn Việt Nam. |
| 923 | # | # | |a 06/2019 |
| 991 | # | # | |a SH |
| 992 | # | # | |a 31800 |
| 994 | # | # | |a DLU |
| 900 | # | # | |a True |
| 911 | # | # | |a Nguyễn Thanh Hương |
| 925 | # | # | |a G |
| 926 | # | # | |a A |
| 927 | # | # | |a SH |
| 980 | # | # | |a Thư viện Trường Đại học Đà Lạt |


